000 005330000a22001930004500
001 001182
003 MACL
005 20151025105802.0
008 151025b xxu||||| |||| 00| 0 eng d
040 _aMACL
_cMACL
041 _aEnglish
082 _a922/BHA
100 _aBharathi, K.S.
_916557
245 _aEncyclopedia of Eminient Thinkers
_bThe Political Thought of Mahatma Gandhi
_cK.S. Bharathi
260 _aNew Delhi
_c1998
_bConcept Publishing Company,
350 _a250
650 _aBiography
_916558
942 _k922
_cBK
_2ddc
999 _c1177
_d1177